000 00189 a2200097 4500
020 _a9789978807842
041 _aspa
100 _aFrancisco Delgado
245 _aTaca Taca- tan
942 _cBK
999 _c11098
_d11098